书目信息 |
| 题名: |
科学技术哲学论集
|
|
| 作者: | 陈其荣 著 | |
| 分册: | ||
| 出版信息: | 上海 上海人民出版社 2017 |
|
| 页数: | 502页 | |
| 开本: | 23cm | |
| 丛书名: | ||
| 单 册: | ||
| 中图分类: | N02-53 | |
| 科图分类: | ||
| 主题词: | 科学技术--技术哲学--文集 | |
| 电子资源: | ||
| ISBN: | 978-7-208-14633-4 | |
| 000 | 00866nam0 2200229 450 | |
| 001 | 4552 | |
| 005 | 20181012114154.28 | |
| 010 | @a978-7-208-14633-4@dCNY75.00 | |
| 100 | @a20180612d2017 em y0chiy50 ea | |
| 101 | 0 | @achi |
| 102 | @aCN@b310000 | |
| 105 | @ay z 000yy | |
| 200 | 1 | @a科学技术哲学论集@9ke xue ji shu zhe xue lun ji@f陈其荣著 |
| 210 | @a上海@c上海人民出版社@d2017 | |
| 215 | @a502页@d23cm | |
| 300 | @a日月光华·哲学书系(第三辑) 17 | |
| 330 | @a本书从一个侧面反映了作者多年来从事科学技术哲学研究与教学所取得的成果。选择的二十九篇代表性论文,大体上按“总论”“自然哲学研究”“科学哲学研究”“技术哲学研究”“科学技术与社会研究”和“教育与人才培养研究”六个部分予以分类编排。 | |
| 606 | 0 | @a科学技术@x技术哲学@j文集 |
| 690 | @aN02-53@v5 | |
| 701 | 0 | @a陈其荣@9chen qi rong@4著 |
| 801 | 0 | @aCN@b91MARC@c20180612 |
| 905 | @aMuseLib@dN02-53@e244 | |
| 科学技术哲学论集/陈其荣著.-上海:上海人民出版社,2017 |
| 502页;23cm |
| 日月光华·哲学书系(第三辑) 17 |
| ISBN 978-7-208-14633-4:CNY75.00 |
| 本书从一个侧面反映了作者多年来从事科学技术哲学研究与教学所取得的成果。选择的二十九篇代表性论文,大体上按“总论”“自然哲学研究”“科学哲学研究”“技术哲学研究”“科学技术与社会研究”和“教育与人才培养研究”六个部分予以分类编排。 |
| ● |
| 相关链接 |
|
|
|
|
正题名:科学技术哲学论集
索取号:N02-53/244
 
预约/预借
| 序号 | 登录号 | 条形码 | 馆藏地/架位号 | 状态 | 备注 |
| 1 | 1125676 | 211256763 | 第二样本阅览室/ [索取号:N02-53/244] | 在馆 | |
| 2 | 1125677 | 211256772 | 第三借阅区/ [索取号:N02-53/244] | 在馆 | |
| 3 | 1125678 | 211256781 | 第三借阅区/ [索取号:N02-53/244] | 在馆 | |
| 4 | 1125679 | 211256790 | 第三借阅区/ [索取号:N02-53/244] | 在馆 | |
| 5 | 1125680 | 211256807 | 第三借阅区/ [索取号:N02-53/244] | 在馆 |